Welcome to the Holygrace Academy Library

Please use search bar below to get started

SLEEP OVERS (Record no. 93)

MARC details
000 -LEADER
fixed length control field 00314nam a22001337a 4500
020 ## - INTERNATIONAL STANDARD BOOK NUMBER
ISBN 978-0-552-55783-2
082 ## - DEWEY DECIMAL CLASSIFICATION NUMBER
Classification number 823
Item number WIL/S
100 ## - MAIN ENTRY--AUTHOR NAME
Personal name JACQUELINE WILSON
245 ## - TITLE STATEMENT
Title SLEEP OVERS
260 ## - PUBLICATION, DISTRIBUTION, ETC. (IMPRINT)
Place of publication GREAT BRITIAN
Name of publisher RANDOM HOUSE
Year of publication 2008
300 ## - PHYSICAL DESCRIPTION
Number of Pages 112
650 ## - SUBJECT ADDED ENTRY--TOPICAL TERM
Topical Term CHILDRENS STORY BOOK
Geographic subdivision UNITED KINGDOM
942 ## - ADDED ENTRY ELEMENTS (KOHA)
Koha item type Books
Holdings
Withdrawn status Lost status Collection code Home library Current library Shelving location Date acquired Source of acquisition Cost, normal purchase price Full call number Accession Number Koha item type
    Fiction Main Library Main Library SHELF-12A-JACQELINE WILSON,HORRID HENTRY 30/01/2019 PURCHASED 60.00 823 WIL/S 10853 Books
    Fiction Main Library Main Library SHELF-12A-JACQELINE WILSON,HORRID HENTRY 29/01/2019     823 WIL/S 10810 Books
    Fiction Main Library Main Library SHELF-12A-JACQELINE WILSON,HORRID HENTRY 18/07/2019 PURCHASED 60.00 823 WIL/S 11332 Books